000
00334nam a2200133Ia 4500
008
240624s9999 xx 000 0 und d
041
_a
eng
082
_a
658.11 SHA
100
_a
SHANE SCOTT A
245
_a
FINDING FERTILE GROUND IDENTIFYING EXTRA
260
_c
2005
_a
Delhi
_b
Pearson Education
300
_a
xxix, : 219
365
_c
RS
999
_c
2028
_d
2028